000 00493nam a22001817a 4500
003 OSt
005 20180116183050.0
008 160810b xxu||||| |||| 00| 0 eng d
020 _a9780345427656
040 _c0
082 _a791.43 BRO 1999
100 _aTerry Brooks
245 _aStar Wars Episode I The Phantom Menace
_cTerry Brooks
260 _aNew York
_bBallantine Publishing
_c1999
300 _a324 p.
_bHB
440 _aStar Wars Episode I The Phantom Menace
942 _2ddc
_cBK
999 _c351590
_d351590